The goal / (Record no. 346463)
[ view plain ]
| 000 -LEADER | |
|---|---|
| fixed length control field | 00941 a2200217 4500 |
| 020 ## - INTERNATIONAL STANDARD BOOK NUMBER | |
| International Standard Book Number | 0566074184 |
| 020 ## - INTERNATIONAL STANDARD BOOK NUMBER | |
| International Standard Book Number | 9780566074189 |
| 082 04 - DEWEY DECIMAL CLASSIFICATION NUMBER | |
| Classification number | 823 |
| 090 ## - LOCALLY ASSIGNED LC-TYPE CALL NUMBER (OCLC); LOCAL CALL NUMBER (RLIN) | |
| -- | 4004 |
| -- | 4004 |
| 100 1# - MAIN ENTRY--PERSONAL NAME | |
| Personal name | Goldratt, Eliyahu. |
| 245 14 - TITLE STATEMENT | |
| Title | The goal / |
| Statement of responsibility, etc. | Eliyahu Goldratt. |
| 250 ## - EDITION STATEMENT | |
| Edition statement | 2nd ed. |
| 260 ## - PUBLICATION, DISTRIBUTION, ETC. | |
| Place of publication, distribution, etc. | [S.l.] : |
| Name of publisher, distributor, etc. | Gower Pub Co, |
| Date of publication, distribution, etc. | 1996. |
| 300 ## - PHYSICAL DESCRIPTION | |
| Extent | 352 p. ; |
| Dimensions | 23 cm. |
| 500 ## - GENERAL NOTE | |
| General note | Paperback. |
| 520 ## - SUMMARY, ETC. | |
| Summary, etc. | This second edition of the thriller-style story of Alex Rogo's fight to save his plant has an extra 10 chapters which bring the story forward to describe Alex's transition from Plant Manager to Divisional Manager. It incorporates the business principles of the author's Theory of Constraints (TOC). |
| 700 1# - ADDED ENTRY--PERSONAL NAME | |
| Personal name | Cox, Jeff. |
| 856 40 - ELECTRONIC LOCATION AND ACCESS | |
| Materials specified | Amazon.com |
| Uniform Resource Identifier | <a href="http://www.amazon.com/exec/obidos/ASIN/0566074184/chopaconline-20">http://www.amazon.com/exec/obidos/ASIN/0566074184/chopaconline-20</a> |
| 856 40 - ELECTRONIC LOCATION AND ACCESS | |
| Materials specified | Amazon customer reviews |
| Uniform Resource Identifier | <a href="http://www.chopac.org/cgi-bin/tools/azrev.pl?q=0566074184">http://www.chopac.org/cgi-bin/tools/azrev.pl?q=0566074184</a> |
| 942 ## - ADDED ENTRY ELEMENTS (KOHA) | |
| Institution code [OBSOLETE] | NBS |
| Koha item type | Book |
| Call number prefix | 823 GOL |
| Withdrawn status | Lost status | Damaged status | Not for loan | Permanent Location | Current Location | Date acquired | Total Checkouts | Total Renewals | Full call number | Barcode | Date last seen | Date last checked out | Price effective from | Koha item type |
|---|---|---|---|---|---|---|---|---|---|---|---|---|---|---|
| Central Library (CL) | Central Library (CL) | 08/28/2013 | 10 | 6 | 823 GOL | NBS5768 | 01/31/2024 | 12/22/2023 | 08/28/2013 | Book | ||||
| Central Library (CL) | Central Library (CL) | 08/28/2013 | 13 | 11 | 823 GOL | NBSP-226 | 01/03/2024 | 09/19/2023 | 08/28/2013 | Book |
